00478 2200169 4500001002100000005001500021035002000036007000300056008004100059020001800100082001000118084002000128100001600148245009200164260003600256990001600292INLIS00000000000267220260409113749 a0010-0426000130ta260409 0  a9786231892201 a2x9.4 a2x9.4 RIZ s c.10 aRizem Aizid1 aSELAYANG PANDANG DINASTI UTSMANIYAH :bKelahiran,Kejayaan,Kemunduran dan Peninggalannya ayogyakarta :bDIVA Press,c2023 a2026/h/0730